Lion King Characters - Sudden Death - Statistics

General Stats
  • This quiz has been taken 163 times
  • The average score is 9 of 20
Answers on the Grid
Answers color-coded by a green-red scale on the quiz's grid according to % correct below.
Mufasa
Zuri
Kiara
Asante
Sarabi
Samaki
Banzai
Chui
Simba
Shenzi
Nagini
Max
Pumbaa
Pa
Zazu
Zira
Ma
Timon
Rajabu
Scar
Nyani
Kovu
Nala
Kion
Nuka
Ed
Lebo
Rafiki
Ingonyama
Vitani
 
Answer Stats
Answer % Correct
Mufasa
100%
Pumbaa
76%
Scar
76%
Simba
73%
Timon
73%
Nala
62%
Zazu
62%
Rafiki
61%
Kiara
55%
Sarabi
52%
Ed
39%
Kovu
37%
Shenzi
36%
Zira
32%
Banzai
31%
Kion
25%
Vitani
25%
Nuka
24%
Max
5%
Ma
4%
No matching quizzes found
Score Distribution
Percent of People with Each Score
Percentile by Number Answered
Your Score History
You have not taken this quiz